Estampas de tango /

Spremljeno u:
Bibliografski detalji
Glavni autor: García Jiménez, Francisco
Format: Nepoznato
Jezik:Spanish
Izdano: Buenos Aires, Argentina: Rodolfo Alonso, 1968
Serija:Colección días escritos
Teme:
Oznake: Dodaj oznaku
Bez oznaka, Budi prvi tko označuje ovaj zapis!

MARC

LEADER 000000000a22000000004500
001 001157
008 170623s1968 ag ||||| |||| 00| 0 spa d
041 0 |a español 
082 |a 793.33  |b G216e 
100 1 |a García Jiménez, Francisco 
245 1 0 |a Estampas de tango /  |c Francisco García Jiménez 
260 |a Buenos Aires, Argentina:   |b Rodolfo Alonso,   |c 1968 
300 |a 164 páginas 
490 1 |a Colección días escritos 
500 |a Número de inscripción 13365 
650 4 |a TANGO 
942 |2 ddc  |c BK 
999 |c 2240  |d 2240